Advances in microbial toxin research and its biotechnological exploitation (Record no. 42252)

MARC details
000 -LEADER
fixed length control field 00402nam a2200133Ia 4500
020 ## - INTERNATIONAL STANDARD BOOK NUMBER
ISBN 0306472554
082 ## - DEWEY DECIMAL CLASSIFICATION NUMBER
Classification number 579.222
Item number UPA
100 ## - MAIN ENTRY--AUTHOR NAME
Personal name Upadhyay, Rajeev K
245 #0 - TITLE STATEMENT
Title Advances in microbial toxin research and its biotechnological exploitation
260 ## - PUBLICATION, DISTRIBUTION, ETC. (IMPRINT)
Place of publication New York
Name of publisher Kluwer Academic/Plenum Publishers
Year of publication 2002
650 ## - SUBJECT ADDED ENTRY--TOPICAL TERM
Topical Term Alfatoxins
942 ## - ADDED ENTRY ELEMENTS (KOHA)
Koha item type Books
Holdings
Withdrawn status Lost status Damaged status Not for loan Home library Current library Date acquired Cost, normal purchase price Full call number Accession Number Koha item type
        RRII Library RRII Library 16/12/2021 132.00 579.222 UPA 22527 Books